Statistics for 90 secs World Capitals: by same ending letter

Click here to take the quiz!

General Stats

  • This quiz has been taken 2,972 times
  • The average score is 156 of 196

Answer Stats

Capital City% Correct
Abuja
97%
Accra
97%
Addis Ababa
97%
Amman
97%
Andorra la Vella
97%
Ankara
97%
Apia
97%
Asmara
97%
Astana
97%
Asuncion
97%
Bandar Seri Begawan
97%
Belmopan
97%
Berlin
97%
Bern
97%
Bogota
97%
Brasilia
97%
Bratislava
97%
Bridgetown
97%
Bujumbura
97%
Canberra
97%
Copenhagen
97%
Dhaka
97%
Dodoma
97%
Doha
97%
Dublin
97%
Freetown
97%
Georgetown
97%
Havana
97%
Honiara
97%
Jakarta
97%
Juba
97%
Kampala
97%
Kingston
97%
Kingstown
97%
Kinshasa
97%
Lima
97%
Lisbon
97%
Ljubljana
97%
London
97%
Luanda
97%
Lusaka
97%
Managua
97%
Manama
97%
Manila
97%
Monrovia
97%
N'Djamena
97%
Nicosia
97%
Nuku'alofa
97%
Ottawa
97%
Panama
97%
Podgorica
97%
Port-of-Spain
97%
Port-Vila
97%
Praia
97%
Pretoria
97%
Pristina
97%
Riga
97%
Sana'a
97%
Sofia
97%
Suva
97%
Tallinn
97%
Tarawa
97%
Tegucigalpa
97%
Tehran
97%
Tirana
97%
Valletta
97%
Victoria
97%
Vienna
97%
Washington
97%
Wellington
97%
Yaren
97%
Yerevan
97%
Algiers
90%
Antananarivo
90%
Athens
90%
Bamako
90%
Brussels
90%
Buenos Aires
90%
Cairo
90%
Caracas
90%
Castries
90%
Colombo
90%
Damascus
90%
Majuro
90%
Malabo
90%
Maputo
90%
Monaco
90%
Montevideo
90%
Oslo
90%
Paramaribo
90%
Paris
90%
Port Louis
90%
Porto-Novo
90%
Quito
90%
Saint George's
90%
Saint John's
90%
San Marino
90%
Santiago
90%
Santo Domingo
90%
Sarajevo
90%
Tokyo
90%
Tunis
90%
Vilnius
90%
Yamoussoukro
90%
Abu Dhabi
83%
Bangui
83%
Dili
83%
Djibouti
83%
Funafuti
83%
Hanoi
83%
Helsinki
83%
Kigali
83%
Moroni
83%
Nairobi
83%
New Delhi
83%
Taipei
83%
Tbilisi
83%
Tripoli
83%
Basseterre
82%
Belgrade
82%
Brazzaville
82%
Dushanbe
82%
Gaborone
82%
Harare
82%
Libreville
82%
Lilongwe
82%
Lome
82%
Male
82%
Mbabane
82%
Port-au-Prince
82%
Prague
82%
Rome
82%
San Jose
82%
Sao Tome
82%
Singapore
82%
Skopje
82%
Sucre
82%
Vientiane
82%
Yaounde
82%
Amsterdam
64%
Jerusalem
64%
Khartoum
64%
Stockholm
64%
Conakry
61%
Guatemala City
61%
Kuwait City
61%
Mexico City
61%
Niamey
61%
Port Moresby
61%
Vatican City
61%
Baghdad
58%
Bangkok
58%
Bishkek
58%
Islamabad
58%
Madrid
58%
Melekeok
58%
Minsk
58%
Moscow
58%
Nay Pyi Taw
58%
Reykjavik
58%
Warsaw
58%
Windhoek
58%
Beijing
56%
Luxembourg
56%
Pyongyang
56%
Ashgabat
53%
Beirut
53%
Bucharest
53%
Budapest
53%
Muscat
53%
Nouakchott
53%
Rabat
53%
Tashkent
53%
Baku
48%
Bissau
48%
Chisinau
48%
Kathmandu
48%
Maseru
48%
Mogadishu
48%
Nassau
48%
Ouagadougou
48%
Roseau
48%
Thimphu
48%
Banjul
46%
Kabul
46%
Seoul
46%
Dakar
35%
Kuala Lumpur
35%
Palikir
35%
San Salvador
35%
Ulaanbaatar
35%
Zagreb
32%
Kiev
26%
Phnom Penh
24%
Riyadh
24%
Vaduz
23%

Score Distribution

Percentile by Number Answered

Percent of People with Each Score

Your Score History

You have not taken this quiz